000 00554nam a2200181Ia 4500
008 090124s9999 xx 000 0 und d
082 _b27631
_a3076
100 _aजोंधळे इंदुमती
245 _a बिनपटाची चौकट
250 _a1
260 _c1994
300 _a216
600 _aजोंधळे इंदुमती
630 _a बिनपटाची चौकट
700 _aजोंधळे इंदुमती
730 _a बिनपटाची चौकट
942 _cBOOK
999 _c141096
_d141096